Sports Quiz

Random Sports or NCAA Quiz

NCAA Basketball First Round Upsets Quiz Stats

 Plays Quiz Updated Mar 16, 2018

Challenge
Share
Tweet
Embed
Score 0/58 Timer 15:00
3 Plays Today
Year School % Correct
2018UMBC
82.4%
2016Middle Tennessee State
66.1%
2013Florida Gulf Coast
61.2%
2018Buffalo
60.7%
2012Lehigh
57.6%
2013Harvard
51.6%
2010Ohio
49.8%
2012Ohio
48.6%
2018Marshall
47.1%
1996Princeton
44.8%
2016Hawaii
44.2%
2012Norfolk State
42.3%
2015Georgia State
39.3%
2016Stephen F. Austin
38.8%
2014Mercer
38.7%
2001Hampton
36%
1988Richmond
35.2%
1991Richmond
35.2%
1998Richmond
35.2%
2005Bucknell
35.1%
2005Vermont
34.2%
1998Valparaiso
33.6%
2015UAB
31.6%
1990Northern Iowa
28.4%
1988Murray State
27.8%
2010Murray State
27.8%
1993Santa Clara
26.3%
2008San Diego
24.9%
1986Cleveland State
24.8%
Year School % Correct
2009Cleveland State
24.8%
1993Southern
24.2%
1995Weber State
23.8%
1999Weber State
23.8%
2001Indiana State
23.3%
1987Xavier
23%
2006Bradley
22.7%
1991Xavier
22.7%
2006Northwestern State
21.1%
1997Coppin State
20.4%
2011Morehead State
20.2%
2003Tulsa
19%
2013La Salle
18.4%
1989Siena
18.3%
2008Siena
18.3%
2001Kent State
17.3%
1989Middle Tennessee State
15.6%
1985Navy
15.3%
1995Manhattan
15.1%
1999Oklahoma
13.5%
1995Old Dominion
12.8%
1991Penn State
12.2%
2002UNC Wilmington
12%
1987Austin Peay State
11.9%
1997Tennessee at Chattanooga
11.1%
1986Arkansas at Little Rock
11%
1987Missouri State
9.4%
1992East Tennessee State
9.2%
1992Louisiana at Lafayette
5.2%

You're not logged in!

Compare scores with friends on all Sporcle quizzes.
OR
Log In

You Might Also Like...

Show Comments

Extras

Top Quizzes Today


Score Distribution

Your Account Isn't Verified!

In order to create a playlist on Sporcle, you need to verify the email address you used during registration. Go to your Sporcle Settings to finish the process.

Report this User

Report this user for behavior that violates our Community Guidelines.

Details: